00666nam a2200181Ia 4500001000900000003000500009005001700014008004100031010001100072040000900083082001900092110009200111245013700203260005900340300001000399650004000409650003500449dia_2264CHAP20251021135648.0220117sS.A. xx 000 0 und d a172784 cCHAP a641.3730946 E8 aEspaña. Dirección General de Industrias y Mercados en Origen de Productos Agrarios. aCatálogo de Quesos Españoles /c por la Dirección General de Industrias y Mercados en Origen de Productos Agrarios. España. aMadrid, España :b Ministerio de Agricultura,cS.A. a80 p. a1.Quesos españolesxcatálogos/  aQuesosxespañaxcatálogos.